Bytový dom

Guardado en:
Detalles Bibliográficos
Autor principal: Sela, Besim (Autor)
Otros Autores: Palková, Adela (Orientador)
Formato: Manuscrito Libro
Lenguaje:eslovaco
Publicado: 2025
Materias:
Acceso en línea:http://is.stuba.sk/zp/portal_zp.pl?podrobnosti=168137
CRZP
Etiquetas: Agregar Etiqueta
Sin Etiquetas, Sea el primero en etiquetar este registro!

MARC

LEADER 00000ntm a22000003a 4500
001 stuzp104406
003 SK-STU
005 20250728141558.7
007 ta
008 150427s2015----xo-----f-mn---000-0-slo-d
040 |a STU  |b slo 
041 0 |a slo 
100 1 |a Sela, Besim  |u 010180  |4 aut  |U SvF Stavebná fakulta  |T SvF Katedra konštrukcií pozemných stavieb  |X 115482  |U V180  |Y 18  |7 115482 
242 0 1 |a Residential building  |y eng 
245 1 0 |a Bytový dom 
260 |c 2025 
650 4 |a Zelená strecha  |2 slo 
650 4 |a Odvetrávaná fasáda  |2 slo 
650 4 |a Bytový dom  |2 slo 
650 4 |a Green roof  |2 eng 
650 4 |a Ventilated façade  |2 eng 
650 4 |a Residential building  |2 eng 
700 1 |a Palková, Adela  |u 010180  |k Z1  |4 ths  |U SvF Stavebná fakulta  |T SvF Katedra konštrukcií pozemných stavieb  |X 38081  |U V180  |Y 18  |7 A000038081 
856 4 |u http://is.stuba.sk/zp/portal_zp.pl?podrobnosti=168137 
856 4 |u https://opac.crzp.sk/?fn=detailBiblioForm&sid=C9A1C75A261DD259F889461E26A3  |z CRZP